Statistics for The Legend of Zelda: Skyward Sword Dungeons

Click here to take the quiz!

General Stats

  • This quiz has been taken 87 times
  • The average score is 5 of 7

Answer Stats

LocationDungeon% Correct
Eldin VolcanoEarth Temple
85%
Lake FloriaAncient Cistern
82%
Faron WoodsSkyview Temple
82%
Lanayru DesertLanayru Mining Facility
80%
Sand SeaSandship
79%
Eldin VolcanoFire Sanctuary
64%
SkyloftSky Keep
55%

Score Distribution

Percentile by Number Answered

Percent of People with Each Score

Your Score History

You have not taken this quiz